| 000 | 01014nam a22002537a 4500 | ||
|---|---|---|---|
| 999 |
_c64013 _d64013 |
||
| 005 | 20240530110710.0 | ||
| 008 | 180129s2016 ua g b 000 0 ara d | ||
| 017 |
_a2015/19444 _bمصر. دار الكتب |
||
| 020 | _a9789777611282 | ||
| 040 |
_aEG-CaGPL _cEG-CaGPL |
||
| 082 | 0 | 4 |
_221 _a344.074 / _bأ م |
| 100 | 0 | _aاحمد عبداللاه المراغى | |
| 245 | 1 | 0 |
_aمستقبل التعليم الجامعى والقانونى / _cاحمد عبداللاه المراغى |
| 250 | _aط. 1 | ||
| 260 |
_aالقاهرة : _bالمركز القومى للاصدارات القانونية، _c2016. |
||
| 300 |
_a196 ص. ؛ _c24 سم. |
||
| 504 | _aيشتمل على ارجاعات ببليوجرافية | ||
| 650 | 0 | 7 |
_2qrmak _aالتعليم الجامعى |
| 650 | 0 | 7 |
_2qrmak _aالتعليم الجامعى _xقوانين وتشريعات |
| 650 | 0 | 7 |
_2qrmak _aالطلبة _xالوضع القانونى |
| 651 | _2qrmak | ||
| 942 |
_2ddc _cBK |
||